Women in Mongol Iran (Бичлэгийн дугаар. 144248)
| 000 -УДИРДЛАГА | |
|---|---|
| Удирдлага | 02205nam a2200373 4500 |
| 003 - ХЯНАЛТЫН ТОО ТОДОРХОЙЛОГЧ | |
| Код | MN-UlNUM |
| 005 - БИЧИЛТ ХИЙСЭН ОГНОО | |
| Тухайн бичилтийг бичсэн засварласан сүүлийн огноо | 20251009100917.0 |
| 008 - ЕРӨНХИЙ МЭДЭЭЛЭЛ | |
| Ерөнхий мэдээлэл | 250918s2018 stkabf|| |||| 00| | eng d |
| 020 ## - ISBN | |
| ISBN | 9781474415477 |
| -- | 9781474437356 |
| -- | 9781474415484 |
| -- | 9781474415491 |
| 084 ## - ББК АНГИЛАЛ | |
| Нэмэлт тусгалт | Нэг сэдэвт бүтээл |
| Мэдлэгийн ялгаа | 63 - Түүх |
| ББК ангилал | 63.5 |
| Зохиогчийн гурван тэмдэгт | D 29 |
| 100 ## - ЗОХИОГЧ | |
| Зохиогчийн нэр | De Nicola, Bruno |
| 240 ## - Шифр - Номын наалт, тайланд хэрэглэх | |
| Ангилалын дугаар /Зохиогчийн 3 тэмдэгт | 63.5 D 29 |
| 245 10 - ҮНДСЭН ГАРЧИГ | |
| Номын нэр | Women in Mongol Iran |
| Бага гарчгийн мэдээ | The Khātūns, 1206-1335 |
| 260 ## - ГАРАЛТЫН МЭДЭЭ | |
| Хэвлэгдсэн газар | Edinburgh |
| Хэвлэлийн газар | Edinburgh University Press |
| Хэвлэгдсэн он | 2018 |
| 300 ## - МАТЕРИАЛЫН ТОДОРХОЙЛОЛТ | |
| хуудасны тоо | x, 288 pages, 8 unnumbered pages of plates : |
| Бусад тоон мэдээлэл | illustrations (chiefly color), maps ; |
| Хэмжээ | 24 cm |
| 500 ## - Тайлбар | |
| Дансны дугаар | ГФ 20859 |
| 505 ## - Агуулгын тэмдэглэгээ | |
| Агуулгын тэмдэглэгээ | Bruno De Nicola investigates the development of women’s status in the Mongol Empire from its original homeland in Mongolia up to the end of the Ilkhanate of Iran in 1335. Taking a thematic approach, the chapters show a coherent progression of this development and contextualise the evolution of the role of women in medieval Mongol society. The arrangement serves as a starting point from where to draw comparison with the status of Mongol women in the later period. Exploring patterns of continuity and transformation in the status of these women in different periods of the Mongol Empire as it expanded westwards into the Islamic world, the book offers a view on the transformation of a nomadic-shamanist society from its original homeland in Mongolia to its settlement in the mostly sedentary-Muslim Iran in the mid-13th century. |
| 546 ## - ХЭЛНИЙ ТУХАЙ МЭДЭЭ | |
| Хэл | Англи хэл дээр, |
| 653 ## - Түлхүүр үг | |
| Түлхүүр үг | ethnicity |
| 653 ## - Түлхүүр үг | |
| Түлхүүр үг | women Iran 13th century |
| 653 ## - Түлхүүр үг | |
| Түлхүүр үг | women Iran 14th century |
| 653 ## - Түлхүүр үг | |
| Түлхүүр үг | Middle East social conditions |
| 653 ## - Түлхүүр үг | |
| Түлхүүр үг | Middle East social life and customs |
| 653 ## - Түлхүүр үг | |
| Түлхүүр үг | Middle East influence |
| 740 ## - НОМЫН ГАРЧИГ | |
| Гарчиг | Introduction: The Study of Women in the Mongol Empire |
| 740 ## - НОМЫН ГАРЧИГ | |
| Гарчиг | Women and Politics from the Steppes to World Empire |
| 740 ## - НОМЫН ГАРЧИГ | |
| Гарчиг | Regents and Empresses: Women's Rule in the Mongols' World Empire |
| 740 ## - НОМЫН ГАРЧИГ | |
| Гарчиг | Political Involvement and Women's Rule in the Ilkhanate |
| 740 ## - НОМЫН ГАРЧИГ | |
| Гарчиг | Women and the Economy of the Mongol Empire |
| 740 ## - НОМЫН ГАРЧИГ | |
| Гарчиг | Mongol Women's Encounters with Eurasian Religions |
| 740 ## - НОМЫН ГАРЧИГ | |
| Гарчиг | Concluding Remarks |
| 942 ## - ЭЛЕМЕНТИЙН ТӨРӨЛ | |
| Зүйлийн төрөл | Ном |
